01478cam a22003613a 45000010008000000030009000080050017000170070003000340080039000370100006000760200018000820400033001000820027001331000036001602450083001962500006002792640055002853000045003403360028003853370035004133380030004484900023004785000047005015900025005486500034005737000040006079100041006479420012006889520136007009520140008369520123009769990017010990000743DO-SdBPM20250707081955.0ta861112 2011 mx a 000 0 spa d a  a9789681909789 aDO-SdBPMcspadBPMSUerdad  4a863.6 bA454a 20112221 aAlonso, Fernandod1941-eautor 13aEl árbol de los sueños /cFernando Alonso ; ilustraciones Emilio Urberuaga a  aMéxico :bSantillana ediciones generales,c2011. a124 págians. :bilustraciones,c20 cm. atextebtxt2rdacontent  asin mediación bn2rdamedia  avolumen bnc2rdacarrier 0 aAlfaguara juvenil  aIncluye datos biográficos de la autora.  aInvetadiado, 2025/VM 7aCuentos juveniles españoles1 aUrberuaga, Fernandoeilustración  aVMateo V. control de calidad. BPMSU  2ddccBK 00102ddc708CJ-GaBPMETbBPMETd2016-10-21e Alfaguaral0oBPMSU CJG 863.6 A454a 2011pBPMSU16100328r2016-10-21w2016-10-21yBK 00102ddc708CJ-GaBPMETbBPMETd2016-12-02e Alfaguaral0oBPMSU CJG 863.6 A454a 2011pBPMSU16120031r2016-12-02te.2w2016-12-02yBK 00102ddc708CJ-GaBPMETbBPMETd2016-12-02eDonado por Alfaguaral0pBPMSU16120032r2016-12-02te. 3w2016-12-02yBK c11652d11652